Sports Quiz

Random Sports or City Quiz

Successful Olympic Hosts Quiz Stats

Quiz Updated Feb 27, 2015

Challenge
Share
Tweet
Embed
Score 0/16 Timer 02:00
0 Plays Today
Country % Correct
USA
99.5%
China
91.1%
Germany
90.6%
France
90.2%
Canada
90.2%
Russia
89.4%
Japan
87.7%
Great Britain
87.2%
Country % Correct
Italy
82.4%
Australia
78.7%
Norway
76.1%
Sweden
74.2%
Greece
65.1%
Soviet Union
60.4%
Austria
55.2%
Switzerland
54.6%

You're not logged in!

Compare scores with friends on all Sporcle quizzes.
Join for Free
OR
Log In

You Might Also Like...

Show Comments

Extras

Top Quizzes Today


Score Distribution

Your Account Isn't Verified!

In order to create a playlist on Sporcle, you need to verify the email address you used during registration. Go to your Sporcle Settings to finish the process.

Report this User

Report this user for behavior that violates our Community Guidelines.

Details: